Lo divino y lo humano en la Biblia / (Record no. 144636)

MARC details
000 -LEADER
campo de control de longitud fija 00687nam a2200229 4500
001 - NÚMERO DE CONTROL
campo de control 144636
003 - IDENTIFICADOR DE NÚMERO DE CONTROL
campo de control ES-MaACL
005 - FECHA Y HORA DE LA ÚLTIMA TRANSACCIÓN
campo de control 20250818235744.0
007 - CAMPO FIJO DE DESCRIPCIÓN FÍSICA--INFORMACIÓN GENERAL
campo de control de longitud fija t|
008 - DATOS DE LONGITUD FIJA--INFORMACIÓN GENERAL
campo de control de longitud fija 070214s1966 sp r ||||1| spa d
080 ## - NÚMERO DE LA CLASIFICACIÓN DECIMAL UNIVERSAL
Número de la Clasificación Decimal Universal 22(04)
100 1# - ENTRADA PRINCIPAL--NOMBRE DE PERSONA
Nombre de persona Simon, J. M.
9 (RLIN) 106514
245 10 - MENCIÓN DEL TÍTULO
Título Lo divino y lo humano en la Biblia /
Mención de responsabilidad, etc. J. M. Simon ; traducción de S. García Navarro.
260 ## - PUBLICACIÓN, DISTRIBUCIÓN, ETC.
Lugar de publicación, distribución, etc. Barcelona :
Nombre del editor, distribuidor, etc. Eler,
Fecha de publicación, distribución, etc. 1966.
300 ## - DESCRIPCIÓN FÍSICA
Extensión 170 p. ;
Dimensiones 19 cm.
490 1# - MENCIÓN DE SERIE
Mención de serie Colección "Eler" ;
Designación de volumen o secuencia 41
630 04 - PUNTO DE ACCESO ADICIONAL DE MATERIA--TÍTULO UNIFORME
Título uniforme Biblia
9 (RLIN) 119237
700 0# - ENTRADA AGREGADA--NOMBRE PERSONAL
Nombre de persona García Navarro, Sebastián.
9 (RLIN) 55025
830 0# - PUNTO DE ACCESO ADICIONAL DE SERIE-TÍTULO UNIFORME
Título uniforme Colección "Eler" ;
Designación de volumen o secuencia 41
9 (RLIN) 186685
852 ## - LOCALIZACIÓN
Ubicación ES-MaACL
Número de control de estantería C-31699
Sublocalización o colección R.62122
Holdings
Estatus retirado Estado de pérdida Estado de daño No para préstamo Biblioteca de origen Biblioteca actual Ubicación en estantería Fecha de adquisición Fuente de adquisición Total de préstamos Signatura topográfica completa Código de barras Visto por última vez Precio de reemplazo Tipo de ítem Koha
        Biblioteca del Ateneo de Madrid Biblioteca del Ateneo de Madrid Depósito 2 17/01/2008     C-31699 1150729 23/02/2023 23/02/2023 Libro impreso